[Event "IV Open Dicembre"]
[Site "Arco ITA"]
[Date "2013.12.26"]
[Round "1"]
[White "Gehrke, Rolf"]
[Black "Cordioli, Luca"]
[WhiteElo "2041"]
[BlackElo "1738"]
[Result "1/2-1/2"]
[PlyCount "36"]
[EventDate "2013.12.26"]

1. Nf3 Nf6 2. c4 g6 3. Nc3 Bg7 4. e4 d6 5. d4 O-O 6. Be2 h6 7. h3 Nbd7 8. Be3
e5 9. g4 exd4 10. Nxd4 Re8 11. f3 Nc5 12. Qd2 Qe7 13. O-O-O Nfxe4 14. fxe4 Nxe4
15. Nxe4 Qxe4 16. Bxh6 Bxd4 17. Qxd4 Qxd4 18. Rxd4 Rxe2 1/2-1/2

[Event "IV Open Dicembre"]
[Site "Arco ITA"]
[Date "2013.12.26"]
[Round "1"]
[White "Panjkovic, Aleksandar"]
[Black "Weinberg, Emanuele"]
[WhiteElo "2135"]
[BlackElo "1776"]
[Result "1-0"]
[PlyCount "77"]
[EventDate "2013.12.26"]

1. c4 Nf6 2. g3 g6 3. Bg2 Bg7 4. Nc3 O-O 5. e4 d6 6. Nge2 e5 7. O-O c6 8. d3 h6
9. h3 Na6 10. Be3 Qa5 11. a3 Qc7 12. b4 Qe7 13. Qd2 Kh7 14. Rac1 Be6 15. f4 Qd7
16. Kh2 Nc7 17. Rf2 Ng8 18. f5 gxf5 19. exf5 d5 20. fxe6 fxe6 21. cxd5 exd5 22.
d4 e4 23. Rcf1 Qe7 24. Rxf8 Rxf8 25. Rxf8 Qxf8 26. Nf4 Nf6 27. Qd1 Qf7 28. a4
Bf8 29. Qb3 a6 30. Nxe4 Be7 31. Nc5 b6 32. Qd3+ Kg7 33. Nxa6 Ne6 34. Nxe6+ Qxe6
35. a5 Bd8 36. axb6 Bxb6 37. Nc5 Qe7 38. Bf4 Qe1 39. Be5 1-0

[Event "IV Open Dicembre"]
[Site "Arco ITA"]
[Date "2013.12.26"]
[Round "1"]
[White "Petragnani, Gian Giacomo"]
[Black "Bertani, Gianfranco"]
[WhiteElo "1742"]
[BlackElo "2071"]
[Result "0-1"]
[PlyCount "64"]
[EventDate "2013.12.26"]

1. c4 f5 2. g3 Nf6 3. Bg2 e6 4. Nc3 d5 5. e3 c6 6. b3 Bd6 7. Nge2 O-O 8. O-O
Nbd7 9. d4 Qe7 10. c5 Bc7 11. a3 Ne4 12. f3 Nxc3 13. Nxc3 e5 14. Re1 e4 15. f4
Nf6 16. h3 Bd7 17. Bf1 h6 18. Be2 Kh8 19. h4 Nh7 20. h5 Rg8 21. Kf2 g5 22. hxg6
Rxg6 23. Bh5 Rg7 24. Rg1 Rag8 25. Be2 Nf6 26. Qf1 Rh7 27. Bd1 h5 28. Ne2 Ng4+
29. Ke1 Nh2 30. Qf2 Nf3+ 31. Kf1 Nxg1 32. Nxg1 h4 0-1

[Event "IV Open Dicembre"]
[Site "Arco ITA"]
[Date "2013.12.26"]
[Round "1"]
[White "Ramaioli, Nicholas"]
[Black "Xia, Jie"]
[WhiteElo "1797"]
[BlackElo "2280"]
[Result "0-1"]
[PlyCount "102"]
[EventDate "2013.12.26"]

1. d4 Nf6 2. Nf3 g6 3. e3 Bg7 4. Bd3 O-O 5. O-O d6 6. Nbd2 Nbd7 7. c3 e5 8. Qc2
Qe7 9. e4 b6 10. Nc4 Bb7 11. Bg5 h6 12. Bh4 exd4 13. cxd4 g5 14. e5 dxe5 15.
dxe5 Nd5 16. Bg3 Nb4 17. Qe2 Nxd3 18. Qxd3 Nc5 19. Qe3 Ne6 20. Rad1 Rfd8 21.
Rd2 Ba6 22. Rc1 Qb4 23. Qa3 Qxa3 24. Nxa3 g4 25. Rxd8+ Rxd8 26. Nh4 Rd2 27. Nc2
Bd3 28. Nb4 Be4 29. b3 c5 30. f3 gxf3 31. gxf3 Bh7 32. Nc6 Bf8 33. Re1 Rxa2 34.
f4 Bc2 35. f5 Nd4 36. Nxd4 cxd4 37. e6 fxe6 38. fxe6 Be7 39. Nf3 Bxb3 40. Nxd4
Bc5 41. Bf2 Rxf2 42. Kxf2 Bxd4+ 43. Kf3 Kf8 44. Ke4 Bc5 45. Kf5 Ke7 46. Re2 a5
47. Rd2 Bxe6+ 48. Ke5 a4 49. Rg2 Bd6+ 50. Kd4 a3 51. Rg7+ Kf6 0-1

[Event "IV Open Dicembre"]
[Site "Arco ITA"]
[Date "2013.12.26"]
[Round "1"]
[White "Seresin, Francesco"]
[Black "Horn, Peter"]
[WhiteElo "1788"]
[BlackElo "2148"]
[Result "1/2-1/2"]
[PlyCount "87"]
[EventDate "2013.12.26"]

1. d4 Nf6 2. c4 c5 3. d5 b5 4. cxb5 a6 5. b6 e6 6. Nc3 exd5 7. Nxd5 Nxd5 8.
Qxd5 Nc6 9. Nf3 Rb8 10. e4 Be7 11. Bc4 O-O 12. O-O Rxb6 13. Ng5 Qe8 14. a3 d6
15. Nf3 Be6 16. Qd3 Bxc4 17. Qxc4 Bf6 18. Rb1 Qe6 19. Qxe6 fxe6 20. Rd1 Nd4 21.
Be3 e5 22. Nd2 Be7 23. Nc4 Rb3 24. Rd2 g5 25. h3 Kf7 26. Rbd1 Rfb8 27. Kf1 Ke6
28. Rc1 h5 29. g3 Rf8 30. Kg2 Rbb8 31. Rcd1 g4 32. h4 Rb5 33. Bh6 Rfb8 34. Be3
Ra8 35. Kf1 a5 36. Kg2 a4 37. Rd3 Rab8 38. R3d2 Bd8 39. Rd3 d5 40. exd5+ Kxd5
41. Rc1 Bf6 42. Rd2 e4 43. Bf4 Rd8 44. Rc3 1/2-1/2

[Event "IV Open Dicembre"]
[Site "Arco ITA"]
[Date "2013.12.27"]
[Round "2"]
[White "Bertani, Gianfranco"]
[Black "Brunetti, Marco"]
[WhiteElo "2071"]
[BlackElo "1877"]
[Result "1-0"]
[PlyCount "55"]
[EventDate "2013.12.26"]

1. d4 d5 2. e3 Nf6 3. f4 e6 4. Bd3 c5 5. c3 Nc6 6. Nf3 Bd6 7. O-O O-O 8. Ne5
Qe7 9. Nd2 Nd7 10. Qh5 g6 11. Qh6 Bxe5 12. fxe5 c4 13. Bc2 f6 14. exf6 Rxf6 15.
Nf3 e5 16. e4 dxe4 17. Bxe4 exd4 18. Bd5+ Kh8 19. Bg5 Qg7 20. Bxf6 Nxf6 21.
Qxg7+ Kxg7 22. Bxc4 dxc3 23. bxc3 a6 24. Rae1 Bf5 25. Nd4 Nxd4 26. cxd4 Ne4 27.
g4 Nd2 28. gxf5 1-0

[Event "IV Open Dicembre"]
[Site "Arco ITA"]
[Date "2013.12.27"]
[Round "2"]
[White "Bisaro, Andrea"]
[Black "Mortola, Alberto"]
[WhiteElo "1825"]
[BlackElo "1954"]
[Result "1-0"]
[PlyCount "63"]
[EventDate "2013.12.26"]

1. d4 f5 2. g3 Nf6 3. Bg2 g6 4. b3 Bg7 5. c4 c6 6. Nf3 d5 7. Nbd2 Ne4 8. e3 Nd7
9. cxd5 cxd5 10. Nxe4 fxe4 11. Ng5 Nf6 12. Qd2 h6 13. Nh3 O-O 14. Nf4 Qe8 15.
Ba3 g5 16. Ne2 Qf7 17. Rc1 Re8 18. Rc7 b6 19. O-O Ba6 20. Rfc1 Bf8 21. Bh3 g4
22. Bf1 Rec8 23. Nf4 Rxc7 24. Rxc7 Bxf1 25. Kxf1 Nh5 26. Bd6 Nxf4 27. Bxf4 Qe8
28. Qc2 Qb5+ 29. Kg2 Qd3 30. Qc6 Qd1 31. Qxd5+ Kh8 32. Be5+ 1-0

[Event "IV Open Dicembre"]
[Site "Arco ITA"]
[Date "2013.12.27"]
[Round "2"]
[White "Hrescak, Ivana"]
[Black "De Santis, Alessio"]
[WhiteElo "1883"]
[BlackElo "2282"]
[Result "0-1"]
[PlyCount "64"]
[EventDate "2013.12.26"]

1. d4 b6 2. c4 Bb7 3. Nc3 e6 4. e4 Bb4 5. f3 f5 6. exf5 Nh6 7. fxe6 dxe6 8. Be3
Nf5 9. Bf2 O-O 10. Nge2 Nc6 11. a3 Bxc3+ 12. bxc3 Na5 13. Ng3 Nh4 14. Ne4 Bxe4
15. fxe4 Qg5 16. Rg1 Rxf2 17. Kxf2 Rf8+ 18. Ke2 Nxc4 19. Qc1 Qg4+ 20. Kd3 b5
21. Be2 Qg6 22. Rf1 Rd8 23. Bf3 e5 24. Qe1 Nxf3 25. gxf3 exd4 26. cxd4 c5 27.
Qh4 Rxd4+ 28. Kc3 Qb6 29. Rfd1 Qa5+ 30. Kb3 Qa4+ 31. Kc3 b4+ 32. axb4 Qxb4+ 0-1

[Event "IV Open Dicembre"]
[Site "Arco ITA"]
[Date "2013.12.27"]
[Round "2"]
[White "Lezzerini, Marco"]
[Black "Tonina, Filippo"]
[WhiteElo "1990"]
[BlackElo "1868"]
[Result "1-0"]
[PlyCount "91"]
[EventDate "2013.12.26"]

1. d4 d6 2. e4 Nf6 3. Nc3 g6 4. Be2 Bg7 5. h4 c5 6. dxc5 Qa5 7. Kf1 Qxc5 8. Be3
Qb4 9. a3 Qxb2 10. Bd4 Nxe4 11. Bxg7 Nxc3 12. Bxh8 Nxd1 13. Bxb2 Nxb2 14. h5 g5
15. h6 Nc6 16. Rb1 Na4 17. Bd3 f5 18. Nh3 Kf7 19. Nxg5+ Kg6 20. f4 Nc5 21. Bc4
e6 22. Rd1 d5 23. Be2 Ne4 24. Nxe4 fxe4 25. Kf2 e5 26. Rxd5 exf4 27. Rd6+ Kf7
28. Rh4 Ke7 29. Rd1 Bf5 30. Rxf4 e3+ 31. Kxe3 Bxc2 32. Rd2 Bg6 33. Bd3 Ne5 34.
Bxg6 Nxg6 35. Re4+ Kf6 36. Rd7 Rc8 37. Rxh7 Rc3+ 38. Kf2 Rxa3 39. Rxb7 Kf5 40.
Re3 Ra2+ 41. Re2 Ra4 42. h7 Rh4 43. Rxa7 Nf4 44. Re8 Ng6 45. Rg7 Kf6 46. Rxg6+
1-0

[Event "IV Open Dicembre"]
[Site "Arco ITA"]
[Date "2013.12.27"]
[Round "2"]
[White "Olivetti, Davide"]
[Black "Panjkovic, Aleksandar"]
[WhiteElo "1869"]
[BlackElo "2135"]
[Result "1/2-1/2"]
[PlyCount "71"]
[EventDate "2013.12.26"]

1. e4 c5 2. Nc3 g6 3. f4 Bg7 4. Nf3 Nc6 5. Bc4 e6 6. f5 Nge7 7. fxe6 dxe6 8.
O-O O-O 9. d3 Na5 10. Bb3 Nec6 11. Bg5 f6 12. Bh4 Nxb3 13. axb3 Nd4 14. e5 Nf5
15. Bxf6 Bxf6 16. exf6 Ne3 17. Qe2 Nxf1 18. Ne4 Nxh2 19. Kxh2 e5 20. Qe3 Bf5
21. Qh6 Qc7 22. Nfg5 Bxe4 23. Ne6 Qf7 24. dxe4 Qxf6 25. Nxf8 Qxf8 26. Qh3 Qf4+
27. Kh1 Rf8 28. Qd3 Qh4+ 29. Kg1 Qf2+ 30. Kh1 Rf4 31. g3 Rf3 32. Qd8+ Kg7 33.
Qe7+ Kh6 34. Qh4+ Kg7 35. Qe7+ Kh6 36. Qh4+ 1/2-1/2

[Event "IV Open Dicembre"]
[Site "Arco ITA"]
[Date "2013.12.27"]
[Round "2"]
[White "Xia, Jie"]
[Black "Perich, Stefano"]
[WhiteElo "2280"]
[BlackElo "1891"]
[Result "1-0"]
[PlyCount "55"]
[EventDate "2013.12.26"]

1. e4 d6 2. d4 g6 3. Nc3 Bg7 4. f4 Nc6 5. Be3 a6 6. Nf3 Bg4 7. d5 Nb8 8. h3
Bxf3 9. Qxf3 c5 10. Bd3 Nd7 11. O-O Ngf6 12. Rae1 Qc7 13. g4 h6 14. Bf2 Nh7 15.
Bg3 O-O 16. Kg2 b5 17. h4 Rae8 18. h5 g5 19. e5 c4 20. Bxh7+ Kxh7 21. exd6 exd6
22. fxg5 Rxe1 23. Rxe1 Be5 24. Qf5+ Kg7 25. gxh6+ Kxh6 26. Bxe5 Nxe5 27. g5+
Kg7 28. h6+ 1-0

[Event "IV Open Dicembre"]
[Site "Arco ITA"]
[Date "2013.12.27"]
[Round "3"]
[White "Barp, Alberto"]
[Black "Xia, Jie"]
[WhiteElo "1935"]
[BlackElo "2280"]
[Result "1/2-1/2"]
[PlyCount "56"]
[EventDate "2013.12.26"]

1. d4 Nf6 2. c4 d6 3. Nc3 e5 4. d5 Be7 5. e4 O-O 6. Bd3 Ne8 7. Nge2 Bg5 8. O-O
Bxc1 9. Rxc1 g6 10. Qc2 Ng7 11. Ng3 h5 12. f3 Qg5 13. Rf2 h4 14. Nf1 Nh5 15.
Ne2 Nf4 16. Nxf4 exf4 17. c5 Nd7 18. cxd6 cxd6 19. Nd2 Ne5 20. Nc4 Nxc4 21.
Qxc4 h3 22. Qc7 hxg2 23. Rxg2 Qe5 24. Qc3 Qxc3 25. Rxc3 Bh3 26. Rgc2 Rfc8 27.
Bf1 Bd7 28. Rc7 a6 1/2-1/2

[Event "IV Open Dicembre"]
[Site "Arco ITA"]
[Date "2013.12.27"]
[Round "3"]
[White "Buglisi, Massimo"]
[Black "Bertani, Gianfranco"]
[WhiteElo "1916"]
[BlackElo "2071"]
[Result "1-0"]
[PlyCount "123"]
[EventDate "2013.12.26"]

1. e4 c5 2. d4 cxd4 3. c3 d3 4. Bxd3 Nc6 5. c4 e6 6. Nc3 a6 7. Nf3 Bb4 8. Bd2
Nge7 9. a3 Bd6 10. Rc1 Ng6 11. Be3 Bf4 12. Qe2 O-O 13. O-O Qf6 14. Rfd1 Nce5
15. Nxe5 Nxe5 16. Bxf4 Qxf4 17. g3 Qf6 18. f4 Nxd3 19. Rxd3 Qe7 20. Qe3 d6 21.
Rcd1 b5 22. cxb5 axb5 23. Rxd6 Rb8 24. e5 b4 25. Ne4 bxa3 26. bxa3 h6 27. a4
Qc7 28. Qc5 Qb7 29. R6d4 Bd7 30. Nf6+ gxf6 31. Rxd7 Qe4 32. exf6 Rfc8 33. Qd4
Qc2 34. Rd2 Qf5 35. Kg2 Rc2 36. Qe5 Rbb2 37. Rd8+ Kh7 38. Qxf5+ exf5 39. Rxc2
Rxc2+ 40. Kh3 Rc6 41. Rd3 h5 42. a5 Rxf6 43. Ra3 Ra6 44. Kh4 Kg6 45. h3 f6 46.
g4 fxg4 47. hxg4 hxg4 48. Kxg4 f5+ 49. Kf3 Kf6 50. Ke3 Ke6 51. Kd4 Kd6 52. Ra1
Ra8 53. a6 Ra7 54. Ra5 Kc6 55. Rxf5 Rd7+ 56. Ke5 Rd5+ 57. Kf6 Rd1 58. Re5 Ra1
59. Ke7 Kb6 60. f5 Kxa6 61. f6 Kb6 62. f7 1-0

[Event "IV Open Dicembre"]
[Site "Arco ITA"]
[Date "2013.12.27"]
[Round "3"]
[White "Dalponte, Dino"]
[Black "Horn, Peter"]
[WhiteElo "2011"]
[BlackElo "2148"]
[Result "1-0"]
[PlyCount "89"]
[EventDate "2013.12.26"]

1. d4 Nf6 2. c3 g6 3. Nd2 d5 4. e3 Bg7 5. Bd3 O-O 6. h3 Nbd7 7. f4 c5 8. Ngf3
Qc7 9. O-O b6 10. Ne5 Bb7 11. Qf3 Nxe5 12. fxe5 Nd7 13. Qg4 f6 14. Bb5 f5 15.
Qh4 a6 16. Bd3 e6 17. Nf3 Rfe8 18. Bd2 a5 19. Ng5 Nf8 20. g4 Ba6 21. Bxa6 Rxa6
22. gxf5 exf5 23. Qg3 Qd7 24. Qg2 Bh6 25. h4 Bxg5 26. Qxg5 Ne6 27. Qg2 Rf8 28.
c4 dxc4 29. d5 Nc7 30. e4 fxe4 31. Rxf8+ Kxf8 32. Rf1+ Kg8 33. Bh6 Ra8 34. d6
Ne6 35. Qxe4 Re8 36. Qxc4 Kh8 37. Qg4 b5 38. Rf6 c4 39. Qf3 Kg8 40. h5 gxh5 41.
Kh2 Ng7 42. Qd5+ Ne6 43. Qg2+ Ng7 44. Bxg7 Qxg7 45. e6 1-0

[Event "IV Open Dicembre"]
[Site "Arco ITA"]
[Date "2013.12.27"]
[Round "3"]
[White "De Santis, Alessio"]
[Black "Lezzerini, Marco"]
[WhiteElo "2282"]
[BlackElo "1990"]
[Result "1-0"]
[PlyCount "65"]
[EventDate "2013.12.26"]

1. d4 Nf6 2. c4 g6 3. f3 Bg7 4. e4 d6 5. Nc3 O-O 6. Bg5 Nbd7 7. Nh3 c5 8. d5 a6
9. a4 b6 10. Nf2 Ne8 11. Qd2 Nc7 12. Be2 Rb8 13. Bh6 Bxh6 14. Qxh6 e6 15. O-O
exd5 16. exd5 Nf6 17. Nfe4 Nxe4 18. Nxe4 f5 19. Ng5 Qe7 20. Rae1 Qg7 21. Qxg7+
Kxg7 22. Bd3 h6 23. Re7+ Kf6 24. Rxc7 hxg5 25. Re1 Rd8 26. Ree7 Rf8 27. g3 Ra8
28. Kf2 f4 29. g4 Rg8 30. h3 Rh8 31. Rf7+ Ke5 32. Rce7+ Kd4 33. Ke2 1-0

[Event "IV Open Dicembre"]
[Site "Arco ITA"]
[Date "2013.12.27"]
[Round "3"]
[White "Ovsepyan, Arshak"]
[Black "Duruz, Noe"]
[WhiteElo "2015"]
[BlackElo "1912"]
[Result "0-1"]
[PlyCount "128"]
[EventDate "2013.12.26"]

1. d4 Nf6 2. c4 e6 3. Nf3 d5 4. Nc3 Bb4 5. Bg5 c5 6. e3 Nbd7 7. Bd3 Qa5 8. Qc2
Ne4 9. Bxe4 dxe4 10. Ne5 cxd4 11. exd4 Nxe5 12. dxe5 Qxe5 13. Be3 O-O 14. O-O
f5 15. f4 exf3 16. Rxf3 b6 17. Rd1 Bb7 18. Bd4 Qc7 19. Nb5 Qe7 20. Rg3 e5 21.
Bf2 Rad8 22. a3 Be4 23. Qe2 Rxd1+ 24. Qxd1 Rd8 25. Qb3 Bc5 26. Nc3 Bxf2+ 27.
Kxf2 Qc5+ 28. Ke2 Bc6 29. Nb5 Bxb5 30. cxb5+ Qd5 31. a4 Qxb3 32. Rxb3 Rd4 33.
Ra3 Rb4 34. b3 Kf7 35. Kd3 Ke6 36. Kc3 Rh4 37. h3 g5 38. a5 Kd5 39. axb6 axb6
40. Ra7 g4 41. hxg4 Rxg4 42. Rd7+ Ke4 43. Rd6 Rg6 44. Rc6 Kd5 45. Rc7 Rg3+ 46.
Kb4 Rxg2 47. Rxh7 Rg6 48. Kc3 Ke4 49. Rc7 Kd5 50. Rd7+ Rd6 51. Rc7 f4 52. Kd3
e4+ 53. Ke2 Re6 54. Rc8 f3+ 55. Ke3 Rf6 56. Rc2 f2 57. Rxf2 Rxf2 58. Kxf2 Kd4
59. Ke2 e3 60. b4 Ke4 61. Ke1 Kd3 62. Kd1 Kc4 63. Ke2 Kxb5 64. Kxe3 Kxb4 0-1

[Event "IV Open Dicembre"]
[Site "Arco ITA"]
[Date "2013.12.27"]
[Round "3"]
[White "Panjkovic, Aleksandar"]
[Black "Simoni, Giulio"]
[WhiteElo "2135"]
[BlackElo "1790"]
[Result "1-0"]
[PlyCount "129"]
[EventDate "2013.12.26"]

1. c4 e5 2. g3 Nf6 3. Bg2 d5 4. cxd5 Nxd5 5. Nc3 Be6 6. Nf3 Nc6 7. O-O Be7 8.
d3 O-O 9. Bd2 f6 10. Qb3 Na5 11. Qa4 Nc6 12. Qb3 Na5 13. Qa4 Nc6 14. Rfc1 Rb8
15. Qd1 Nb6 16. Be3 Qd7 17. Ne4 Nd5 18. Bc5 b6 19. Bxe7 Ncxe7 20. d4 exd4 21.
Nxd4 c5 22. Nxe6 Qxe6 23. Qb3 Rfd8 24. Rd1 Nc7 25. Qa4 a6 26. Nc3 Ng6 27. Rac1
Ne5 28. Qh4 b5 29. Bh3 Qe7 30. Qe4 Qf7 31. b3 c4 32. f4 Ng6 33. Qc6 Nf8 34. e4
b4 35. Nd5 Nxd5 36. Rxd5 Rxd5 37. exd5 c3 38. Re1 Qa7+ 39. Kf1 Qd4 40. d6 Qd3+
41. Re2 c2 42. Qxc2 Qxd6 43. Rd2 Qb6 44. Qc4+ Kh8 45. Qd4 Qb5+ 46. Qc4 Qh5 47.
Kg2 Qa5 48. Qd5 Qb6 49. Qd6 Qb7+ 50. Kf2 Qa7+ 51. Qd4 Qb7 52. Bg2 Qb5 53. Bf1
Qb7 54. Bc4 Qh1 55. Qd5 Qxd5 56. Rxd5 g6 57. Rd6 Kg7 58. Rxa6 g5 59. f5 Rb7 60.
Be6 Nxe6 61. Rxe6 Ra7 62. Re2 Kf7 63. Ke3 Ke7 64. Kd4+ Kd7 65. Kc4 1-0

[Event "IV Open Dicembre"]
[Site "Arco ITA"]
[Date "2013.12.28"]
[Round "4"]
[White "Bertani, Gianfranco"]
[Black "Barp, Alberto"]
[WhiteElo "2071"]
[BlackElo "1935"]
[Result "1-0"]
[PlyCount "69"]
[EventDate "2013.12.26"]

1. d4 d5 2. e3 Nf6 3. f4 c5 4. Nf3 e6 5. c3 Bd6 6. Bd3 O-O 7. O-O b6 8. Qe2 a5
9. Ne5 Ba6 10. Bxa6 Nxa6 11. Nd2 Nc7 12. a4 Qe8 13. g4 Nd7 14. e4 f6 15. Nxd7
Qxd7 16. e5 fxe5 17. dxe5 Be7 18. Nf3 b5 19. b3 c4 20. bxc4 bxa4 21. Nd4 dxc4
22. Qxc4 Nd5 23. Qxa4 Qxa4 24. Rxa4 Nxc3 25. Rc4 Rfc8 26. Nc6 Nd5 27. f5 Ra6
28. Nxe7+ Nxe7 29. Rxc8+ Nxc8 30. Ba3 Kf7 31. Rc1 Ra8 32. Rc7+ Kg8 33. f6 gxf6
34. exf6 Ra7 35. f7+ 1-0

[Event "IV Open Dicembre"]
[Site "Arco ITA"]
[Date "2013.12.28"]
[Round "4"]
[White "Bisaro, Andrea"]
[Black "Ovsepyan, Arshak"]
[WhiteElo "1825"]
[BlackElo "2015"]
[Result "0-1"]
[PlyCount "86"]
[EventDate "2013.12.26"]

1. d4 d5 2. Nf3 Nf6 3. Bf4 e6 4. e3 Bd6 5. Bd3 b6 6. Nbd2 Bb7 7. O-O O-O 8. Ne5
c5 9. c3 Nc6 10. Qf3 Bxe5 11. dxe5 Nd7 12. Qg3 f5 13. Bh6 Qe7 14. f4 Kh8 15.
Bg5 Qf7 16. Nf3 h6 17. Qh3 c4 18. Bc2 Nc5 19. Bh4 Qg6 20. Be1 b5 21. Nh4 Qf7
22. g4 fxg4 23. Qxg4 Nxe5 24. Qh3 Ned3 25. Rf3 Ne4 26. Qg4 Kh7 27. f5 Ne5 28.
Bxe4 dxe4 29. Qg6+ Kh8 30. Qxf7 Nxf3+ 31. Nxf3 Rxf7 32. Ne5 Rxf5 33. Ng6+ Kh7
34. Nh4 Rf6 35. Bg3 g5 36. Ng2 Rd8 37. Be5 Rf5 38. Bd4 a5 39. a4 bxa4 40. Rxa4
Ba6 41. Ra1 Rb8 42. Ra2 Rfb5 43. h4 e5 0-1

[Event "IV Open Dicembre"]
[Site "Arco ITA"]
[Date "2013.12.28"]
[Round "4"]
[White "Duruz, Noe"]
[Black "De Santis, Alessio"]
[WhiteElo "1912"]
[BlackElo "2282"]
[Result "1/2-1/2"]
[PlyCount "99"]
[EventDate "2013.12.26"]

1. e4 c5 2. Nf3 e6 3. d4 cxd4 4. Nxd4 a6 5. Nc3 Qc7 6. Be2 Nc6 7. O-O Nf6 8.
Kh1 Nxd4 9. Qxd4 Bc5 10. Qd3 b5 11. a3 Bb7 12. Bg5 Be7 13. f4 d6 14. Qg3 h6 15.
Bxf6 Bxf6 16. f5 O-O 17. Bd3 Qe7 18. fxe6 Qxe6 19. Nd5 Be5 20. Qf3 Rac8 21. c3
f5 22. Qh3 Bxd5 23. exd5 Qxd5 24. Bxf5 Rce8 25. Qh5 Re7 26. Bh7+ Kxh7 27. Rxf8
Qd2 28. Qf5+ g6 29. Qf2 Qxf2 30. Rxf2 Rb7 31. Re1 a5 32. Re4 Kg7 33. a4 bxa4
34. g4 a3 35. bxa3 Bxc3 36. a4 d5 37. Ref4 d4 38. R2f3 g5 39. Rf5 Rd7 40. Rd3
Rc7 41. Kg2 Rc4 42. Rdf3 Rxa4 43. Rf7+ Kg8 44. Rf8+ Kg7 45. R3f7+ Kg6 46. Rf6+
Kg7 47. h4 gxh4 48. R8f7+ Kg8 49. Rf8+ Kg7 50. R8f7+ 1/2-1/2

[Event "IV Open Dicembre"]
[Site "Arco ITA"]
[Date "2013.12.28"]
[Round "4"]
[White "Gehrke, Rolf"]
[Black "Trauth, Michael"]
[WhiteElo "2041"]
[BlackElo "2199"]
[Result "1/2-1/2"]
[PlyCount "72"]
[EventDate "2013.12.26"]

1. d4 Nf6 2. c4 c5 3. d5 b5 4. cxb5 a6 5. f3 e6 6. e4 c4 7. Bxc4 axb5 8. Bxb5
Bc5 9. Ne2 O-O 10. Nbc3 Bb7 11. Qb3 exd5 12. e5 Nh5 13. g4 d4 14. Na4 Ba7 15.
gxh5 Nc6 16. Bf4 Rb8 17. Rg1 Ba6 18. Bh6 Qh4+ 19. Kd2 g6 20. Bg5 Qxh5 21. Nf4
Qxh2+ 22. Rg2 Qxg2+ 23. Nxg2 Rxb5 24. Qd1 Nxe5 25. b3 Nc4+ 26. bxc4 Rxg5 27.
Nf4 Bb8 28. Ne2 Rg2 29. Kd3 d5 30. Nxd4 Bxc4+ 31. Kc3 Re8 32. Qh1 Re3+ 33. Kb4
Bd6+ 34. Ka5 Bc7+ 35. Kb4 Bd6+ 36. Ka5 Bc7+ 1/2-1/2

[Event "IV Open Dicembre"]
[Site "Arco ITA"]
[Date "2013.12.28"]
[Round "4"]
[White "Lezzerini, Marco"]
[Black "Perogio, Lorenzo"]
[WhiteElo "1990"]
[BlackElo "1854"]
[Result "1-0"]
[PlyCount "103"]
[EventDate "2013.12.26"]

1. d4 Nf6 2. c4 d6 3. Nc3 g6 4. e4 Bg7 5. f3 O-O 6. Be3 c5 7. Nge2 cxd4 8. Nxd4
Nc6 9. Qd2 Nxd4 10. Bxd4 Re8 11. Be2 b6 12. O-O Bb7 13. Rfd1 Rc8 14. Rac1 Qc7
15. Kh1 Qb8 16. Nd5 Nd7 17. Bxg7 Kxg7 18. Ne3 Nf6 19. g4 h5 20. gxh5 Nxh5 21.
Nf5+ Kf6 22. Bf1 Rh8 23. Qd4+ Ke6 24. Bh3 Ng3+ 25. Kg2 Rxh3 26. Kxh3 Ne2 27.
Qd2 Rh8+ 28. Kg2 Nxc1 29. Nd4+ Kf6 30. Rxc1 d5 31. h3 dxe4 32. Rf1 exf3+ 33.
Nxf3 Qe5 34. Rf2 Kg7 35. Kf1 Bxf3 36. Rxf3 Rh5 37. Kg2 Rg5+ 38. Kh1 Qc5 39. Qc1
Rf5 40. Rxf5 Qxf5 41. Qc3+ f6 42. Kg2 Qc5 43. b4 Qg5+ 44. Kh1 Qf5 45. c5 Qb1+
46. Kh2 Qxa2+ 47. Kg3 Qd5 48. c6 Qd6+ 49. Kg2 Qc7 50. b5 Kf8 51. Qd3 Qd6 52.
Qxd6 1-0

[Event "IV Open Dicembre"]
[Site "Arco ITA"]
[Date "2013.12.28"]
[Round "4"]
[White "Panjkovic, Aleksandar"]
[Black "Dalponte, Dino"]
[WhiteElo "2135"]
[BlackElo "2011"]
[Result "1/2-1/2"]
[PlyCount "125"]
[EventDate "2013.12.26"]

1. c4 e6 2. g3 f5 3. Bg2 Nf6 4. Nf3 Be7 5. O-O O-O 6. Nc3 c5 7. d4 a6 8. d5 Ne4
9. Nxe4 fxe4 10. Ne1 d6 11. Bxe4 e5 12. Qc2 h6 13. Ng2 Bh3 14. f4 Nd7 15. Bd2
Bxg2 16. Kxg2 Bf6 17. e3 Qe7 18. Rae1 Rae8 19. Bf5 Kh8 20. Bc3 Qd8 21. Be6 exf4
22. exf4 Bxc3 23. Qxc3 Nf6 24. Qb3 b6 25. Re3 Re7 26. Rfe1 Rfe8 27. Kf3 Rb7 28.
Qa4 b5 29. Qxa6 Rb6 30. Qa5 bxc4 31. R1e2 Qb8 32. Qc3 Qa8 33. Qxc4 Rb4 34. Qd3
Qxa2 35. b3 Qa1 36. Re1 Qa2 37. R1e2 Qa3 38. Bf5 Reb8 39. Kg2 Rd4 40. Qb5 Qa8
41. Qc6 Rxd5 42. Qxa8 Rxa8 43. Bg6 Rd1 44. g4 Rf8 45. g5 Nd5 46. Rf3 Rd4 47.
Kg3 Rdxf4 48. Ref2 hxg5 49. Be4 Nf6 50. Bg6 Nd5 51. Be4 Nc3 52. Bd3 Rxf3+ 53.
Rxf3 Rxf3+ 54. Kxf3 Nd5 55. Kg4 Ne7 56. Kxg5 Kg8 57. Bc4+ d5 58. Bb5 Kf7 59.
Bd7 d4 60. Kf4 Nd5+ 61. Ke5 Ke7 62. Bb5 Nb6 63. Ke4 1/2-1/2

[Event "IV Open Dicembre"]
[Site "Arco ITA"]
[Date "2013.12.28"]
[Round "4"]
[White "Xia, Jie"]
[Black "Buglisi, Massimo"]
[WhiteElo "2280"]
[BlackElo "1916"]
[Result "1-0"]
[PlyCount "37"]
[EventDate "2013.12.26"]

1. d4 g6 2. e4 d6 3. Nc3 Nf6 4. Bg5 Bg7 5. Qe2 h6 6. Bh4 Nc6 7. O-O-O g5 8. Bg3
Nd7 9. e5 dxe5 10. dxe5 e6 11. h4 Qe7 12. hxg5 hxg5 13. Rxh8+ Bxh8 14. Nb5
Ndxe5 15. Nf3 a6 16. Nxe5 Bxe5 17. Bxe5 Nxe5 18. Qxe5 axb5 19. Qh8+ 1-0

[Event "IV Open Dicembre"]
[Site "Arco ITA"]
[Date "2013.12.29"]
[Round "5"]
[White "Buglisi, Massimo"]
[Black "Gehrke, Rolf"]
[WhiteElo "1916"]
[BlackElo "2041"]
[Result "1-0"]
[PlyCount "77"]
[EventDate "2013.12.26"]

1. e4 c5 2. d4 cxd4 3. c3 d5 4. exd5 Qxd5 5. cxd4 Nc6 6. Nf3 e5 7. Nc3 Bb4 8.
Bd2 Bxc3 9. Bxc3 exd4 10. Nxd4 Nge7 11. Nxc6 Qxc6 12. Qd4 Be6 13. f3 Rd8 14.
Qxg7 Rg8 15. Qe5 Rd5 16. Qb8+ Kd7 17. Qxa7 Nc8 18. Qe3 Bf5 19. Kf2 Re8 20. Qg5
Qc5+ 21. Kg3 Be6 22. Rd1 Ne7 23. Rxd5+ Bxd5 24. Qg4+ Kc6 25. Qa4+ b5 26. Qa6+
Kc7 27. Ba5+ Kb8 28. Qxb5+ Qxb5 29. Bxb5 Rc8 30. a4 Nf5+ 31. Kf4 Be6 32. Rd1
Rc2 33. Rd2 Rxd2 34. Bxd2 Nd4 35. Bd3 Nb3 36. Bc3 h6 37. a5 Nc5 38. Be2 Nb3 39.
Bg7 1-0

[Event "IV Open Dicembre"]
[Site "Arco ITA"]
[Date "2013.12.29"]
[Round "5"]
[White "Dalponte, Dino"]
[Black "Bertani, Gianfranco"]
[WhiteElo "2011"]
[BlackElo "2071"]
[Result "0-1"]
[PlyCount "94"]
[EventDate "2013.12.26"]

1. d4 d5 2. c3 Bf5 3. Qb3 b6 4. Nf3 h6 5. Ne5 c6 6. Nd2 e6 7. a4 Bd6 8. Ndf3
Ne7 9. g3 Be4 10. Nd3 Ng6 11. Bg2 Nd7 12. O-O O-O 13. Nfe1 Bxg2 14. Nxg2 c5 15.
Ndf4 Ne7 16. Qc2 Nf6 17. Nh3 Rc8 18. e3 Nc6 19. Qe2 Na5 20. Qc2 c4 21. f4 Ne4
22. Nf2 f5 23. Nh4 Qe8 24. Nf3 Nb3 25. Ra2 Qh5 26. Qd1 Nxc1 27. Qxc1 Qxf3 28.
Nxe4 Qxe4 29. Rf2 h5 30. h4 Rf6 31. Kh2 Rg6 32. a5 b5 33. a6 Rg4 34. Ra5 Rb8
35. Rg2 Bc7 36. Ra1 Bd8 37. Qd2 Rb6 38. Rf2 Be7 39. Qe1 b4 40. Qc1 Bd6 41. Rg2
Bc7 42. b3 Qd3 43. cxb4 c3 44. Rc2 Bd6 45. Rxc3 Qe2+ 46. Kh3 Qf3 47. Rc8+ Kh7
0-1

[Event "IV Open Dicembre"]
[Site "Arco ITA"]
[Date "2013.12.29"]
[Round "5"]
[White "De Santis, Alessio"]
[Black "Xia, Jie"]
[WhiteElo "2282"]
[BlackElo "2280"]
[Result "1/2-1/2"]
[PlyCount "20"]
[EventDate "2013.12.26"]

1. Nf3 Nf6 2. c4 g6 3. b3 Bg7 4. Bb2 O-O 5. g3 c5 6. Bg2 Nc6 7. O-O d6 8. Nc3
a6 9. d4 cxd4 10. Nxd4 Bd7 1/2-1/2